banner-ar

الاخبار الطوال / (Record no. 59261)

MARC details
000 -الفاتح
حقل البيانات ثابتة الطول 00861nam a2200241Ia 4500
008 - عناصر البيانات ثابتة الطول - معلومات عامة
حقل البيانات ثابتة الطول 140319s9999 xx 000 0 ara d
040 ## - مصدر الفهرسة
وكالة الفهرسة الأصلية GCL /
وكالة النسخ GCL
082 04 - رقم تصنيف ديوى العشرى
رقم التصنيف م
رقم المادة 953.02
-- اا
100 1# - المدخل الرئيسى - إسم شخصى
الإسم الشخصى الدينورى, ابوحنيفة احمد بن داو
245 10 - بيان العنوان
العنوان الاخبار الطوال /
بيان المسئوليه,etc الدينورى, ابوحنيفة احمد بن داو
700 1# - المدخل الاضافى - اسم شخصى
الإسم الشخصى جمال الدين الشيال
700 1# - المدخل الاضافى - اسم شخصى
الإسم الشخصى عبدالمنعم عامر
300 ## - الوصف المادى
التعداد 467 ص
490 ## - بيان السلسلة
عنوان السلسلة مجموعة سيرة الرسول صلى الله عليه وسلم
رقم المجلد/ التعيين التسلسلي 0
650 04 - المدخل الاضافى بالموضوع-مصطلح موضوعى
مصطلح موضوعي الفتوحات الاسلامية
650 04 - المدخل الاضافى بالموضوع-مصطلح موضوعى
مصطلح موضوعي التاريخ الاسلامى
650 04 - المدخل الاضافى بالموضوع-مصطلح موضوعى
مصطلح موضوعي الدولة الاموية
650 04 - المدخل الاضافى بالموضوع-مصطلح موضوعى
مصطلح موضوعي الفرس
650 04 - المدخل الاضافى بالموضوع-مصطلح موضوعى
مصطلح موضوعي الحضارة الاسلامية
942 ## - عناصر المدخل الإضافي( كوها)
مصدر التصنيف او مخطط الترفيف Dewey Decimal Classification
Koha [default] item type المراجع
260 ## - PUBLICATION, DISTRIBUTION, ETC. (IMPRINT)
-- [S.N] :
-- مكتبة المثنى
Holdings
حالة التراجع حالة الفقد حالة تلف ليس للاعارة المكان المؤقت الموقع الحالى تاريخ الاكتساب اجمالي اﻻعارات رقم الطلب الباركود تاريخ اخر مشاهدة تاريخ تفعيل السعر نوع وعاء كوها
        مكتبة القاهرة الكبرى مكتبة القاهرة الكبرى 03/26/2014   م\953.02\اا 153822 03/26/2014 03/26/2014 المراجع

Powered By

EGPV